15 największych miast w województwie mazowieckim - Statystyki

Ogólne statystyki
  • Ten quiz został rozwiązany 87 razy
  • Średni wynik to 11 z 15
Statystyki odpowiedzi
Mieszkańcy Miasto % Poprawnych
1 729 119 Warszawa
100%
217 834 Radom
93%
122 572 Płock
91%
59 796 Pruszków
87%
76 585 Siedlce
84%
54 246 Legionowo
77%
52 792 Ostrołęka
72%
45 073 Otwock
70%
45 270 Piaseczno
70%
40 028 Mińsk Mazowiecki
65%
44 673 Ciechanów
59%
37 418 Wołomin
58%
41 056 Żyrardów
58%
37 333 Sochaczew
51%
32 376 Ząbki
51%
Nie znaleziono quizów pasujących do podanych kryteriów
Rozkład punktacji
Procent ludzi z każdym wynikiem
Percentyl według liczby udzielonych odpowiedzi
Twoja historia wyników
Nie rozwiązałeś tego quizu